Prohološiňa zo sejmu rusyňskoj obrody iz dňa 13. oktobra 2001 r. u Prjašovi

Bibliographic Details
Corporate Author: Rusínska obroda Slovensko (Author)
Format: Article
Language:Slavic languages
Subjects:

MARC

LEADER 00000nab a2200000 a 4500
001 vtls000788335
003 SK-MaSNL
005 20260318124955.0
008 240612c2001 xo 0 sla
015 |a SNBRB2002/03-10055 
035 |a CLN000139990 
040 |a SNKBUCL  |b slo  |c SNKBUCL  |e AACR2 
041 0 |a sla  |a rue 
044 |a xo  |c SK 
080 |a 323.15(437.6=875):061.3  |2 UDC-MRF-SK2 
110 0 |a Rusínska obroda Slovensko  |4 aut  |9 1055963 
245 0 0 |a Prohološiňa zo sejmu rusyňskoj obrody iz dňa 13. oktobra 2001 r. u Prjašovi  |c delegaty 7. sejmu Rusyňskoj obrody v Prjašovi 
610 7 |a Rusínska obroda (Slovensko)  |b Snem  |d 2001  |x vyhlásenia  |2 snkbucl  |9 1265041 
650 0 7 |a Rusíni  |z Slovensko  |2 snkbucl  |9 336690 
651 7 |a Prešov (Slovensko)  |2 snkbucl  |9 17347 
655 7 |a články z novín a časopisov  |2 snkbucl  |9 267496 
773 0 |t Narodny novynky  |g Roč. 11, č. 44-46 (2001), s. 4 
850 |a Slovenská národná knižnica v Martine 
852 |a SNK  |b KIS3GCP 
958 |a RBX 
999 |c 2263821  |d 2265751